| 000 | 00806cam a2200265 a 4500 | ||
|---|---|---|---|
| 001 | 16941974 | ||
| 005 | 20170105102907.0 | ||
| 008 | 110831s2008 cc a 000 0 eng | ||
| 010 | _a 2011467433 | ||
| 020 | _a9787119051802 | ||
| 040 |
_aDLC _cDLC _dDLC |
||
| 042 | _apcc | ||
| 043 | _aa-cc-su | ||
| 050 | 0 | 0 |
_aDS793.S62 _bC39 2008 |
| 082 | _a951.050922 | ||
| 100 | 1 |
_aCarducci, Lisa, _d1943- |
|
| 245 | 1 | 0 |
_aThese wonderful people of Xinjiang / _cLisa Carducci. |
| 250 | _a1st ed. | ||
| 260 |
_aBeijing : _bForeign Language Press, _c2008. |
||
| 300 |
_a271 p. : _bill. (some col.) ; _c23 cm. |
||
| 651 | 0 |
_aXinjiang Uygur Zizhiqu (China) _xSocial life and customs. |
|
| 906 |
_a7 _bcbc _corignew _d3 _encip _f20 _gy-gencatlg |
||
| 942 |
_2ddc _cBK |
||
| 999 |
_c14910 _d14910 |
||